Khảo sát một số phong tục tập quán trong tục thờ cúng và lễ hội vùng đảo Hà Nam - Quảng Yên - Quảng Ninh

Vùng đảo Hà Nam - địa danh lịch sử, văn hóa. KPhong tục tập quán trong tục thờ cúng và lễ hội vùng đảo Hà Nam - Quảng Yên - Quảng Ninh

সংরক্ষণ করুন:
গ্রন্থ-পঞ্জীর বিবরন
প্রধান লেখক: Bùi Hữu Ngọc
অন্যান্য লেখক: Nguyễn Ngọc Hòa PGS.TS (Hướng dẫn)
বিন্যাস: গ্রন্থ
ভাষা:Vietnamese
প্রকাশিত: Đà Nẵng Đại học Sư phạm, Đại học Đà Nẵng 2012
বিষয়গুলি:
ট্যাগগুলো: ট্যাগ যুক্ত করুন
কোনো ট্যাগ নেই, প্রথমজন হিসাবে ট্যাগ করুন!
Thư viện lưu trữ: Mạng thư viện Đại học Đà Nẵng
LEADER 01469nam a2200313 4500
001 000016888
003 13297
005 20130107090126.0
008 130107s2012 viesd
041 0 |a vie 
082 |a 394.4  |b BU-N 
100 1 |a Bùi Hữu Ngọc 
245 0 |a Khảo sát một số phong tục tập quán trong tục thờ cúng và lễ hội vùng đảo Hà Nam - Quảng Yên - Quảng Ninh  |c Phạm Văn Tuân  |k Khóa luận tốt nghiệp 
260 |a Đà Nẵng  |b Đại học Sư phạm, Đại học Đà Nẵng  |c 2012 
300 |a 60 tr., phụ lục 4 tr.  |b Ảnh mh. màu  |c 29 cm.  |e Tài liệu tóm tắt 
500 |a Khóa luận tốt nghiệp đại học. Chuyên ngành: Cử nhân văn học 
504 |a Mục lục đầu trang, tài liệu tham khảo tr. 73 - 74, phụ lục [13 tr.] 
520 |a Vùng đảo Hà Nam - địa danh lịch sử, văn hóa. KPhong tục tập quán trong tục thờ cúng và lễ hội vùng đảo Hà Nam - Quảng Yên - Quảng Ninh 
650 0 4 |a Phong tục tập quán  |v Khóa luận tốt nghiệp  |x Lễ hội  |z Quảng Ninh 
653 |a Khoa Ngữ văn  |a Tục thờ cúng  |a Lễ hội 
700 |a Nguyễn Ngọc Hòa  |c PGS.TS  |e Hướng dẫn 
OWN |a LSP 
999 |a From the UDN01 
TYP |a Monograph 
TYP |a Printed language 
980 |a Mạng thư viện Đại học Đà Nẵng